000 00266nam a2200109Ia 4500
008 190216s9999||||xx |||||||||||||| ||und||
100 _aSuresh Sinha
245 0 _aHindi-Hindi Upanyas Usber Our Vikas
260 _bAsha Prakashan Grug
650 _aHindi
942 _cBK
999 _c15239
_d15239